উচ্চতর পরিবেশবিজ্ঞান / (Record no. 39703)
[ view plain ]
| 000 -LEADER | |
|---|---|
| fixed length control field | 00826nam a2200229 a 4500 |
| 001 - CONTROL NUMBER | |
| control field | 39703 |
| 003 - CONTROL NUMBER IDENTIFIER | |
| rucl marc code | BD-RjUL |
| 005 - DATE AND TIME OF LATEST TRANSACTION | |
| control field | 20211209053037.0 |
| 008 - FIXED-LENGTH DATA ELEMENTS--GENERAL INFORMATION | |
| fixed length control field | 160416s2014 bg a|||| b||| 00| 0 ben d |
| 020 ## - INTERNATIONAL STANDARD BOOK NUMBER | |
| International Standard Book Number | 9789848934692 |
| Terms of availability | :TK.250 |
| 035 ## - SYSTEM CONTROL NUMBER | |
| System control number | (BD-RjUL)39816 |
| 040 ## - CATALOGING SOURCE | |
| Original cataloging agency | BD-RjUL |
| Language of cataloging | ben |
| Transcribing agency | BD-RjUL |
| 041 ## - LANGUAGE CODE | |
| Language code of text/sound track or separate title | ben |
| 082 ## - DEWEY DECIMAL CLASSIFICATION NUMBER | |
| Edition number | 23 |
| Classification number | 363.7 |
| Author mark and year | PAU 2014 |
| 100 ## - MAIN ENTRY--PERSONAL NAME | |
| Personal name | পাল, নিশীথ কুমার |
| 9 (RLIN) | 121656 |
| 245 10 - TITLE STATEMENT | |
| Title | উচ্চতর পরিবেশবিজ্ঞান / |
| Statement of responsibility, etc. | নিশীথ কুমার পাল |
| 260 ## - PUBLICATION, DISTRIBUTION, ETC. (IMPRINT) | |
| Place of publication, distribution, etc. | ঢাকা : |
| Name of publisher, distributor, etc. | আলেয়া বুক ডিপো, |
| Date of publication, distribution, etc. | ২০১৪ |
| 300 ## - PHYSICAL DESCRIPTION | |
| Pagination | ২৭৮ পৃ. : |
| Illustrations | চিএ ; |
| Size | ২৩ সেমি. |
| 650 ## - SUBJECT ADDED ENTRY--TOPICAL TERM | |
| Topical term or geographic name as entry element | পরিবেশ বিজ্ঞান |
| 9 (RLIN) | 122298 |
| Topical term or geographic name as entry element | Environmental sciences |
| 9 (RLIN) | 124688 |
| 942 ## - ADDED ENTRY ELEMENTS (KOHA) | |
| Source of classification or shelving scheme | Dewey Decimal Classification |
| Koha item type | Books |
| Lost status | Source of classification or shelving scheme | Damaged status | Not for loan | Collection code | Permanent Location | Current Location | Shelving location | Date acquired | Source of acquisition | Cost, normal purchase price | Total Checkouts | Full call number | Date last seen | Copy number | Koha item type | Date checked out |
|---|---|---|---|---|---|---|---|---|---|---|---|---|---|---|---|---|
| Dewey Decimal Classification | Not For Loan | Non-fiction | Central Library, University of Rajshahi | Central Library, University of Rajshahi | Reading Room | 29/03/2014 | Botany Dept. of RU | 250.00 | B 363.7 PAU 2014 | 16/04/2016 | C-1 | Books | ||||
| Dewey Decimal Classification | Non-fiction | Central Library, University of Rajshahi | Central Library, University of Rajshahi | 29/03/2014 | Botany Dept. of RU | 250.00 | B 363.7 PAU 2014 | 16/04/2016 | C-2 | Books | ||||||
| Dewey Decimal Classification | Non-fiction | Central Library, University of Rajshahi | Central Library, University of Rajshahi | 29/03/2014 | Botany Dept. of RU | 250.00 | 1 | B 363.7 PAU 2014 | 03/10/2019 | C-3 | Books | 18/09/2019 | ||||
| Dewey Decimal Classification | Non-fiction | Central Library, University of Rajshahi | Central Library, University of Rajshahi | 29/03/2014 | Botany Dept. of RU | 250.00 | B 363.7 PAU 2014 | 16/04/2016 | C-4 | Books | ||||||
| Dewey Decimal Classification | Non-fiction | Central Library, University of Rajshahi | Central Library, University of Rajshahi | 29/03/2014 | Botany Dept. of RU | 250.00 | 2 | B 363.7 PAU 2014 | 26/09/2019 | C-5 | Books | 18/09/2019 |